| 000 | 00976nam0a22002531 4500 | ||
|---|---|---|---|
| 001 | rc\4464512 | ||
| 005 | 20260407103810.0 | ||
| 021 |
_aRU _b[65-42540] |
||
| 035 | _a(NLR Aleph) 008592900 | ||
| 090 |
_a8654903 _c8654903 |
||
| 100 | _a20130416d1965 |||y0rusy50 ca | ||
| 101 | 0 | _arus | |
| 102 | _aRU | ||
| 105 | _ay z ||||| | ||
| 200 | 1 |
_aПрограмма съезда [и тезисы докладов] _fМ-во здравоохранения СССР. Всесоюз. науч. о-во хирургов. XXVIII съезд хирургов СССР. Москва, 24-29 мая 1965 г. |
|
| 210 |
_aМосква _cМедицина _d1965 |
||
| 215 |
_a95 с. _d12 |
||
| 606 |
_aХирургия _jТезисы докладов _2psbo |
||
| 710 | 1 | 2 |
_aВсесоюзный съезд хирургов _d28 _eМосква _f1965 _9619514 _3RU\NLR\AUTH\8810059123 |
| 801 | 0 |
_aRU _bNLR _gpsbo |
|
| 801 | 1 |
_aRU _bELAR _2rusmarc |
|
| 852 |
_aNLR _j65-1/453 |
||
| 942 | _cBOOK | ||
| 980 | _aNB | ||